5HLuxD.jpg

KING HENRY VIII SENIOR AND PRIMARY SCHOOL LIBRARY OPAC

Train your brain to be a maths genius / (Record no. 343)

000 -LEADER
fixed length control field 01063pam a2200325 a 4500
001 - CONTROL NUMBER
control field 019375923
003 - CONTROL NUMBER IDENTIFIER
control field UkOxU
005 - DATE AND TIME OF LATEST TRANSACTION
control field 20190806151105.0
008 - FIXED-LENGTH DATA ELEMENTS--GENERAL INFORMATION
fixed length control field 120503s2012 enkabc j 001 0 eng|d
015 ## - NATIONAL BIBLIOGRAPHY NUMBER
National bibliography number GBB245311
Source bnb
020 ## - INTERNATIONAL STANDARD BOOK NUMBER
International Standard Book Number 9781409384021 (hbk.) :
020 ## - INTERNATIONAL STANDARD BOOK NUMBER
International Standard Book Number 1409384020 (hbk.) :
035 ## - SYSTEM CONTROL NUMBER
System control number (Uk)016082337
040 ## - CATALOGING SOURCE
Original cataloging agency StDuBDS
Language of cataloging eng
Transcribing agency StDuBDS
Modifying agency Uk
042 ## - AUTHENTICATION CODE
Authentication code ukblcatcopy
082 04 - DEWEY DECIMAL CLASSIFICATION NUMBER
Classification number 510 GOL
Edition number 23
100 1# - MAIN ENTRY--PERSONAL NAME
Personal name Goldsmith, Mike,
Titles and words associated with a name Dr.
Relator term author
245 10 - TITLE STATEMENT
Title Train your brain to be a maths genius /
Statement of responsibility, etc. written by Mike Goldsmith ; illustrated by Seb Burnett.
260 ## - PUBLICATION, DISTRIBUTION, ETC.
Place of publication, distribution, etc. London :
Name of publisher, distributor, etc. Dorling Kindersley,
Date of publication, distribution, etc. 2012.
300 ## - PHYSICAL DESCRIPTION
Extent 128 p. :
Other physical details ill. (chiefly col.), col. map, ports. (some col.) ;
Dimensions 29 cm.
500 ## - GENERAL NOTE
General note Includes index.
500 ## - GENERAL NOTE
General note Formerly CIP.
Institution to which field applies Uk
521 2# - TARGET AUDIENCE NOTE
Target audience note Key Stage 2.
521 2# - TARGET AUDIENCE NOTE
Target audience note Key Stage 3.
650 #0 - SUBJECT ADDED ENTRY--TOPICAL TERM
Topical term or geographic name entry element Mathematical recreations
Form subdivision Juvenile literature.
650 #0 - SUBJECT ADDED ENTRY--TOPICAL TERM
Topical term or geographic name entry element Mathematics
General subdivision History
Form subdivision Juvenile literature.
700 ## - ADDED ENTRY--PERSONAL NAME
Personal name Surla, Branka
Relator term Consultant
942 ## - ADDED ENTRY ELEMENTS (KOHA)
Source of classification or shelving scheme
Koha item type Books - Non Ficton
Holdings
Withdrawn status Lost status Source of classification or shelving scheme Damaged status Not for loan Collection code Permanent Location Current Location Shelving location Date acquired Full call number Barcode Date last seen Price effective from Koha item type
          Non-Fiction KH8 Senior School Library KH8 Senior School Library Non Fiction 2019-08-06 510 GOL 3KHSL000100205 2019-08-06 2019-08-06 Books - Non Ficton

Powered By KH8 IT Dept